Towards more transparent higher education systems institutional analysis of corruption in Slovak and Hungarian higher education

Salvato in:
Dettagli Bibliografici
Autore principale: Čaplánová, Anetta, 1967-
Altri autori: Szakadát, László
Natura: Libro
Lingua:inglese
Pubblicazione: 2005
Soggetti:
Tags: Aggiungi Tag
Nessun Tag, puoi essere il primo ad aggiungerne!!

MARC

LEADER 00000nam$a2200000$$$4500
001 0134105
005 20240502072515.0
041 0 |a eng 
044 |a SK 
245 1 0 |a Towards more transparent higher education systems  |b institutional analysis of corruption in Slovak and Hungarian higher education  |c Anetta Čaplánová, László Szakadát 
264 1 |c 2005 
300 |a 2 s. 
610 2 0 |a vzdelávanie 
610 2 0 |a vzdelávanie dospelých 
610 2 0 |a vzdelávanie vysokoškolské 
610 2 0 |a školy vysoké 
610 2 0 |a vzdelanie vysokoškolské 
610 2 0 |a korupcia 
610 2 0 |a reformy 
610 2 0 |a Slovensko 
610 2 0 |a Maďarsko 
100 1 |a Čaplánová, Anetta, 1967- 
700 1 |a Szakadát, László